Symphony No. 38 in D major "Prague" K. 504

Bibliographic Details
Main Author: Mozart, Wolfgang Amadeus, 1756-1791 (Author)
Corporate Author: Slovenská filharmónia (uci)
Other Authors: Linzboth, Juraj, 1930- (Photographer)
Format: Book
Language:English
Slovak
PhysicalDescription:1 kompaktná platňa (48 min. 57 sek.) stereo
Published: Bratislava Opus 1995
Subjects:

MARC

LEADER 00000nam a2200000 a 4500
001 vtls001256358
003 SK-MaSNL
005 20260413115328.0
008 250414s1995 xo 0 eng
035 |a SNK000207190 
040 |a SNK  |b slo  |c SNK  |e AACR2 
041 0 |a slo 
044 |a xo  |c SK 
080 |a 785.11.082(086.7)  |2 1981 
100 1 |a Mozart, Wolfgang Amadeus,  |d 1756-1791  |4 aut  |9 99646 
245 1 0 |a Symphony No. 38 in D major "Prague" K. 504  |h Audiozáznam  |c Wolfgang Amadeus Mozart ; Fotogr. Juraj Linzboth ; Design. Ladislav Látka ; Dir. Zdeněk Košler ; Hrá Slovenská filharmónia 
246 1 0 |a Symfónia č. 38 Ddur "Pražská" K. z. 504 
260 |a Bratislava  |b Opus  |c 1995 
300 |a 1 kompaktná platňa (48 min. 57 sek.)  |b stereo 
500 |a Slovenská filharmónia 
655 7 |a kompaktné platne  |2 SNK  |9 70690 
700 1 |a Linzboth, Juraj,  |d 1930-  |4 pht  |9 108669 
700 1 |a Látka, Ladislav  |4 bkd  |9 454415 
700 1 |a Košler, Zdeněk,  |d 1928-1995  |4 dir  |9 169813 
710 0 |a Slovenská filharmónia  |4 uci  |9 145774 
852 |a Slovenská národná knižnica 
954 |a symfonická hudba  |a symfónie 
999 |c 711985  |d 713915 
952 |t P60, <03>, [BOOK], {603}  |a SNK  |b SNK  |y PREZ  |7 0  |p 17A0038584  |o snkSCD 444  |i snkJK 498/95  |0 0  |1 0  |4 0  |d 1997-02-25  |l 0  |r 2005-01-01 00:00:00  |w 2026-02-23